| 000 | 00648nam a2200253 a 4500 | ||
|---|---|---|---|
| 003 | AR-BaBNM | ||
| 005 | 20251128202724.0 | ||
| 008 | 082120s2002 ||||||||||||||000 | spa|| | ||
| 040 | _cAR-BaBNM | ||
| 100 | 1 | _aOssanna, Norma B.D. de | |
| 245 | 0 | 0 | _aLa lengua oral |
| 250 | _a1ª ed. | ||
| 260 |
_aBuenos Aires _bKapelusz _c1977 |
||
| 300 | _a63 p. | ||
| 490 | 0 |
_aCuadernos pedagógicos _vv. 43 |
|
| 650 | 4 | _aDESARROLLO DEL LENGUAJE | |
| 650 | 4 | _aDESARROLLO DEL NIÑO | |
| 650 | 4 | _aDRAMATIZACION | |
| 650 | 4 | _aEXPRESION ORAL | |
| 650 | 4 | _aACTIVIDADES DE APRENDIZAJE | |
| 653 | _aENSENANZA DE LA LENGUA | ||
| 942 | _cBK | ||
| 998 | _cCarmen | ||
| 999 |
_c254 _d254 |
||